Tourism policy and planning implementation : (Record no. 590372)

000 -LEADER
fixed length control field 00420nam a22001217a 4500
020 ## - INTERNATIONAL STANDARD BOOK NUMBER
International Standard Book Number 9780367665340
082 ## - DEWEY DECIMAL CLASSIFICATION NUMBER
Classification number 338.4791
Author Mark TOU
245 ## - TITLE STATEMENT
Title Tourism policy and planning implementation :
Remainder of title issues and challenges /
Statement of responsibility, etc. Edited by Konstantinos Andriotis ; Dimitrios Stylidis ; Adi Weidenfeld
260 ## - PUBLICATION, DISTRIBUTION, ETC.
Place of publication, distribution, etc. London:
Name of publisher, distributor, etc. Routledge Taylor & Francis Group,
Date of publication, distribution, etc. 2020.
300 ## - PHYSICAL DESCRIPTION
Extent 195 p. ;
Dimensions 24 cm.
563 ## - BINDING INFORMATION
Binding note PBK.
942 ## - ADDED ENTRY ELEMENTS (KOHA)
Source of classification or shelving scheme
Koha item type Book
Holdings
Withdrawn status Lost status Source of classification or shelving scheme Damaged status Not for loan Permanent Location Current Location Date acquired Source of acquisition Total Checkouts Full call number Barcode Date last seen Price effective from Koha item type
          Central Library (CL) Central Library (CL) 07/20/2022 Allied Books   338.4791 TOU CL-1131 07/20/2022 07/20/2022 Book
© 2023 Central Library, National University of Sciences and Technology. All Rights Reserved.